00858cam a2200241 a 450000100090000000300040000900500170001300800410003001000170007102000150008803500220010304000130012504200100013804300120014808200150016024501310017526000810030630000340038750400410042165000390046265000490050171000660055013569313OSt20230620141442.0040112s2003 ke a b 100 0 eng  a 2003406635 a9966958258 a(DLC) 2003406635 aDLCcDLC alcode af-ke--- a323.4bICJ00aEnhancing women's rights in Kenya :b7th annual conference, Whitesands Hotel, Mombasa, August 19-23, 2003 : conference report. aNairobi :bKenya Section of the International Commission of Jurists,cc2003. avii, 154 p. :bill. ;c26 cm. aIncludes bibliographical references. 0aWomen's rightszKenyavCongresses. 0aWomenzKenyaxSocial conditionsvCongresses.2 aInternational Commission of Jurists (1952- ).bKenya Section.